[Event "DMP-III LIGA Senior PK 2020"]
[Site "Bystre"]
[Date "2020.07.11"]
[Round "7.27"]
[White "Janzer, Hubert"]
[Black "Chowaniec, Artur"]
[Result "1/2-1/2"]
[WhiteElo "1893"]
[BlackElo "1530"]
[Annotator "NA RC"]
[PlyCount "108"]
[EventDate "2020.07.05"]
[EventType "team-tourn"]
[EventCountry "POL"]
[SourceTitle "playchess.com"]
[Source "ChessBase"]
[SourceQuality "1"]
[TimeControl "5400+30"]

1. d4 {[%emt 0:00:00]} d5 {[%emt 0:00:00]} 2. Bf4 {[%emt 0:00:00]} c5 {[%emt 0:00:00]} 3. c3 {[%emt 0:00:00]} cxd4 {[%emt 0:00:11]} 4. cxd4 {[%emt 0:00:00]} Qb6 {[%emt 0:02:28]} 5. Qd2 {[%emt 0:04:11]} Nc6 {[%emt 0:00:31]} 6. e3 {[%emt 0:00:15] D10: Slav Defence: 3 cxd5 (without early Nf3) and 3 Nc3.} Bf5 {[%emt 0:01:21]} 7. Nc3 {[%emt 0:00:35]} e6 {[%emt 0:00:15]} 8. Nf3 {[%emt 0:00:35] [#]} h6 $146 {[%emt 0:00:09]} ({Predecessor:} 8... Nf6 9. Bd3 Bxd3 10. Qxd3 Be7 11. O-O O-O 12. a3 Na5 13. b4 Nc4 14. Ne5 Rfc8 {0-1 (46) Makkar,R (1985)-Villiers,T (2173) Hull 2018}) 9. Be2 {[%emt 0:00:48]} Nf6 {[%emt 0:00:34]} 10. Ne5 {[%emt 0:01:39]} Nxe5 {[%emt 0:02:49]} 11. Bxe5 {[%emt 0:00:36]} Bb4 {[%emt 0:00:20]} 12. f3 {[%emt 0:08:19]} O-O {[%emt 0:01:04]} 13. Bxf6 {[%emt 0:01:00]} gxf6 {[%emt 0:00:10]} 14. g4 {[%emt 0:00:14]} Bg6 {[%emt 0:00:18]} 15. h4 {[%emt 0:10:08]} Kg7 {[%emt 0:00:09]} 16. h5 {[%emt 0:02:07]} Bh7 {[%emt 0:00:14]} 17. Rc1 {[%emt 0:07:48]} Rac8 {[%emt 0:00:13]} 18. a3 {[%emt 0:00:47]} Bxc3 {[%emt 0:00:24]} 19. Rxc3 {[%emt 0:00:13]} Rc6 {[%emt 0:00:52]} 20. O-O {[%emt 0:00:54]} Qc7 {[%emt 0:00:23]} 21. Kg2 {[%emt 0:00:36]} f5 {[%emt 0:00:34]} 22. Rxc6 {[%emt 0:08:51]} Qxc6 {[%emt 0:00:58]} 23. Rc1 {[%emt 0:00:30]} Qd7 {[%emt 0:00:10]} 24. Qc3 {[%emt 0:00:34]} fxg4 {[%emt 0:00:23]} 25. fxg4 {[%emt 0:00:05]} Be4+ {[%emt 0:00:14]} 26. Kh3 {[%emt 0:00:26]} f5 {[%emt 0:00:36]} 27. Qc7 {[%emt 0:00:58]} Qxc7 {[%emt 0:00:45]} 28. Rxc7+ {[%emt 0:00:05]} Rf7 {[%emt 0:00:08]} 29. Rc5 {[%emt 0:01:28]} b6 {[%emt 0:01:04]} 30. Rc6 {[%emt 0:00:44]} Kf6 {[%emt 0:02:21]} 31. Rc8 {[%emt 0:03:17]} fxg4+ {[%emt 0:00:43]} 32. Bxg4 {[%emt 0:02:33]} Bf5 $11 {[%emt 0:00:28]} 33. Rh8 {[%emt 0:11:05]} Kg7 {[%emt 0:00:56]} 34. Ra8 {[%emt 0:00:51]} Kf6 {[%emt 0:04:27]} 35. Kh4 {[%emt 0:00:59]} Bxg4 {[%emt 0:01:02]} 36. Kxg4 {[%emt 0:00:07]} Rc7 {[%emt 0:04:54]} 37. Kf4 {[%emt 0:03:11]} Rf7 {[%emt 0:04:36]} 38. b4 {[%emt 0:01:01]} Ke7+ {[%emt 0:00:51]} 39. Kg4 {[%emt 0:00:15]} Rg7+ {[%emt 0:00:36]} 40. Kh4 {[%emt 0:00:09]} Kf6 {[%emt 0:01:53]} 41. Rh8 {[%emt 0:00:08]} Kf5 {[%emt 0:00:17]} 42. Rxh6 {[%emt 0:00:15]} Rg4+ {[%emt 0:00:30]} 43. Kh3 {[%emt 0:00:06]} Re4 {[%emt 0:00:15]} 44. Rg6 {[%emt 0:04:01]} Rxe3+ {[%emt 0:00:17]} 45. Kh2 {[%emt 0:01:45]} Re4 {[%emt 0:01:24]} 46. Rg7 {[%emt 0:00:44]} a5 {[%emt 0:03:48]} 47. Kg3 {[%emt 0:09:19]} axb4 {[%emt 0:03:28]} 48. axb4 {[%emt 0:00:31]} Rxd4 {[%emt 0:01:17]} 49. h6 {[%emt 0:00:12]} Rd3+ {[%emt 0:02:06]} 50. Kh2 {[%emt 0:00:30]} Kf6 {[%emt 0:02:05]} 51. Rg2 {[%emt 0:00:37]} Rd4 {[%emt 0:00:54]} 52. Kh3 {[%emt 0:00:16]} Rd3+ 53. Kh4 Rd1 54. Kh3 Rd3+ 1/2-1/2

[Event "DMP-III LIGA Senior PK 2020"]
[Site "Bystre"]
[Date "2020.07.11"]
[Round "7.28"]
[White "Wrobel, Dariusz"]
[Black "Lach, Tomasz"]
[Result "0-1"]
[WhiteElo "1427"]
[BlackElo "1833"]
[Annotator "NA RC"]
[PlyCount "94"]
[EventDate "2020.07.05"]
[EventType "team-tourn"]
[EventCountry "POL"]
[SourceTitle "playchess.com"]
[Source "ChessBase"]
[SourceQuality "1"]
[TimeControl "5400+30"]

1. e4 {[%emt 0:04:01]} c6 {[%emt 0:00:00]} 2. d4 {[%emt 0:00:38]} d5 {[%emt 0:00:00]} 3. exd5 {[%emt 0:00:09]} cxd5 {[%emt 0:00:02]} 4. Nf3 {[%emt 0:00:16]} Nf6 {[%emt 0:00:08]} 5. Bb5+ {[%emt 0:00:48]} Bd7 {[%emt 0:00:05]} 6. Qd3 {[%emt 0:00:44] B13: Caro-Kann: Exchange Variation and Panov-Botvinnik Attack.} a6 {[%emt 0:00:30]} 7. Bxd7+ {[%emt 0:00:11]} Nbxd7 {[%emt 0:00:02]} 8. O-O {[%emt 0:00:48]} e6 {[%emt 0:00:17] [#]} 9. Re1 $146 {[%emt 0:01:45]} ({Predecessor:} 9. Bg5 Be7 10. Nc3 O-O 11. Rfe1 Re8 12. Re2 Rc8 13. Rae1 Bb4 14. Ne5 Qc7 15. Qg3 {0-1 (47) Giovannini,G-Bonzano,M Laveno 1999}) 9... Be7 {[%emt 0:00:54]} 10. Bg5 {[%emt 0:00:39]} O-O {[%emt 0:00:08]} 11. Nbd2 {[%emt 0:00:19]} Rc8 {[%emt 0:00:57]} 12. Re2 {[%emt 0:02:16]} Qc7 {[%emt 0:07:36]} 13. c3 {[%emt 0:01:37]} Nb6 {[%emt 0:00:12]} 14. Ne5 {[%emt 0:00:28]} Na4 {[%emt 0:04:30]} 15. Qc2 {[%emt 0:01:18]} b5 {[%emt 0:00:48]} 16. f3 {[%emt 0:01:10]} Nb6 {[%emt 0:00:43]} 17. a3 {[%emt 0:00:48]} Nc4 {[%emt 0:03:24]} 18. Nf1 {[%emt 0:01:23]} Rfe8 {[%emt 0:04:15]} 19. Rae1 {[%emt 0:01:14]} Nxe5 {[%emt 0:04:37]} 20. Rxe5 {[%emt 0:00:26]} Nd7 {[%emt 0:01:18]} 21. Bxe7 {[%emt 0:03:15]} Nxe5 {[%emt 0:00:47]} 22. Bh4 {[%emt 0:00:25]} Nc6 {[%emt 0:00:58]} 23. Qf2 {[%emt 0:01:07]} a5 {[%emt 0:00:48]} 24. Bg3 {[%emt 0:00:27]} Qb7 {[%emt 0:01:00]} 25. Bd6 {[%emt 0:01:42]} b4 {[%emt 0:01:43]} 26. axb4 {[%emt 0:00:39]} axb4 {[%emt 0:00:01]} 27. Bc5 {[%emt 0:00:15]} bxc3 {[%emt 0:03:36]} 28. bxc3 {[%emt 0:00:36]} Qb3 {[%emt 0:02:18]} 29. Qe3 {[%emt 0:00:23]} Ra8 {[%emt 0:01:24]} 30. h4 {[%emt 0:00:16]} Ra2 {[%emt 0:00:58]} 31. h5 {[%emt 0:01:48]} Qc2 {[%emt 0:00:30]} 32. Qg5 {[%emt 0:00:18]} Qf2+ {[%emt 0:02:17] Double Attack} 33. Kh2 {[%emt 0:00:17]} h6 {[%emt 0:00:23]} (33... Qxe1 $2 {too greedy.} 34. h6 $18) 34. Qg3 {[%emt 0:01:38]} Qxg3+ {[%emt 0:00:27]} 35. Kxg3 {[%emt 0:00:28]} Rb8 {[%emt 0:00:17]} 36. Ne3 {[%emt 0:00:57]} Rbb2 {[%emt 0:00:36]} 37. Kf4 {[%emt 0:00:46]} f6 {[%emt 0:03:45]} 38. g4 {[%emt 0:00:56]} Kf7 $19 {[%emt 0:01:27]} 39. Kg3 {[%emt 0:00:22]} Re2 {[%emt 0:04:27]} 40. Rxe2 {[%emt 0:00:25]} Rxe2 {[%emt 0:00:05]} 41. Nd1 {[%emt 0:01:13]} Rd2 {[%emt 0:00:37]} 42. Ne3 {[%emt 0:00:26]} Rd3 {[%emt 0:00:36]} 43. Kf2 {[%emt 0:00:12]} Rxc3 {[%emt 0:00:35]} 44. Ke2 {[%emt 0:00:21]} Rb3 {[%emt 0:01:57]} 45. f4 {[%emt 0:00:24]} Na5 {[%emt 0:00:32]} 46. Nc2 {[%emt 0:01:05]} Rg3 {[%emt 0:00:46]} 47. Ne3 {[%emt 0:00:29]} Nc4 0-1

[Event "DMP-III LIGA Senior PK 2020"]
[Site "Bystre"]
[Date "2020.07.11"]
[Round "7.29"]
[White "Lach, Mateusz"]
[Black "Kielb, Miroslaw"]
[Result "1-0"]
[WhiteElo "1674"]
[BlackElo "1394"]
[Annotator "NA RC"]
[PlyCount "147"]
[EventDate "2020.07.05"]
[EventType "team-tourn"]
[EventCountry "POL"]
[SourceTitle "playchess.com"]
[Source "ChessBase"]
[SourceQuality "1"]
[TimeControl "5400+30"]

1. d4 {[%emt 0:00:00]} Nf6 {[%emt 0:00:00]} 2. c4 {[%emt 0:00:00]} e6 {[%emt 0:00:39]} 3. e3 {[%emt 0:00:00]} d5 {[%emt 0:00:38]} 4. Nc3 {[%emt 0:00:00]} Bb4 {[%emt 0:00:31]} 5. Bd2 {[%emt 0:00:00]} O-O {[%emt 0:00:43]} 6. a3 {[%emt 0:00:05]} Bxc3 {[%emt 0:00:18]} 7. Bxc3 {[%emt 0:00:10]} dxc4 {[%emt 0:02:14]} 8. Bxc4 {[%emt 0:00:02]} c6 {[%emt 0:00:48]} 9. Nf3 {[%emt 0:00:14]} b5 {[%emt 0:00:31]} 10. Bd3 {[%emt 0:00:07]} Bb7 {[%emt 0:01:04]} 11. O-O {[%emt 0:00:19]} Nbd7 {[%emt 0:00:30]} 12. Qc2 {[%emt 0:00:49]} h6 {[%emt 0:01:51]} 13. h3 {[%emt 0:00:07]} a6 {[%emt 0:00:56]} 14. Bb4 {[%emt 0:00:36]} Re8 {[%emt 0:00:39]} 15. Bc5 {[%emt 0:00:22]} Nxc5 {[%emt 0:00:50]} 16. dxc5 {[%emt 0:00:25]} e5 {[%emt 0:00:45]} 17. Be4 {[%emt 0:01:19]} Nxe4 {[%emt 0:00:42]} 18. Qxe4 {[%emt 0:00:13]} Qd5 {[%emt 0:00:38]} 19. Qc2 {[%emt 0:00:35]} Rad8 {[%emt 0:06:41]} 20. Rfd1 {[%emt 0:00:28]} Qe6 {[%emt 0:00:32]} 21. Rxd8 {[%emt 0:00:18]} Rxd8 {[%emt 0:00:07]} 22. Rd1 {[%emt 0:00:12]} Rxd1+ {[%emt 0:07:57]} 23. Qxd1 {[%emt 0:00:02]} f6 {[%emt 0:00:53]} 24. Qd8+ Kf7 {[%emt 0:01:13]} 25. Qc7+ {[%emt 0:02:41]} Qe7 {[%emt 0:00:14]} 26. Qxe7+ {[%emt 0:00:46]} Kxe7 {[%emt 0:00:07]} 27. e4 {[%emt 0:00:19]} Bc8 {[%emt 0:00:53]} 28. Ne1 {[%emt 0:00:17]} a5 {[%emt 0:01:50]} 29. f3 {[%emt 0:00:31]} a4 {[%emt 0:02:59]} 30. Kf2 {[%emt 0:00:02]} f5 {[%emt 0:02:33]} 31. Nd3 {[%emt 0:01:13]} Kf6 {[%emt 0:01:03]} 32. Nb4 {[%emt 0:00:32]} Bb7 {[%emt 0:01:49]} 33. g3 {[%emt 0:00:34]} fxe4 {[%emt 0:00:21]} 34. fxe4 {[%emt 0:00:05]} h5 {[%emt 0:00:58]} 35. h4 {[%emt 0:00:43]} g6 {[%emt 0:00:26]} 36. Kf3 {[%emt 0:00:11]} Ke6 {[%emt 0:01:59]} 37. Ke3 {[%emt 0:11:58]} Kf6 {[%emt 0:00:51]} 38. Kd3 {[%emt 0:00:09]} Ke6 {[%emt 0:03:09]} 39. Kc3 {[%emt 0:00:01]} Kf6 {[%emt 0:00:52]} 40. Nd3 {[%emt 0:00:03]} Bc8 {[%emt 0:01:03]} 41. Kb4 {[%emt 0:00:11]} Be6 {[%emt 0:02:49]} 42. Ka5 {[%emt 0:00:48]} Bc4 {[%emt 0:00:26]} 43. Nb4 {[%emt 0:00:30]} Bf1 {[%emt 0:00:31]} 44. Nxc6 {[%emt 0:00:31]} Bg2 {[%emt 0:00:18]} 45. Kxb5 {[%emt 0:00:49]} Bxe4 {[%emt 0:00:16]} 46. Na7 {[%emt 0:00:31]} Kf5 {[%emt 0:00:57]} 47. c6 {[%emt 0:00:20]} Bxc6+ {[%emt 0:00:44]} 48. Nxc6 {[%emt 0:00:02]} e4 {[%emt 0:00:35]} 49. Kxa4 {[%emt 0:00:20]} e3 {[%emt 0:00:25]} 50. Nd4+ {[%emt 0:00:13]} Ke4 {[%emt 0:01:00]} 51. Nc2 {[%emt 0:00:39]} e2 {[%emt 0:00:37]} 52. b4 {[%emt 0:00:13]} Kd3 {[%emt 0:00:37]} 53. Kb3 {[%emt 0:00:06]} Kd2 {[%emt 0:00:30]} 54. b5 {[%emt 0:00:04]} e1=Q {[%emt 0:00:30]} 55. Nxe1 {[%emt 0:00:06]} Kxe1 {[%emt 0:00:12]} 56. b6 {[%emt 0:00:05]} Kf2 {[%emt 0:00:18]} 57. b7 {[%emt 0:00:04]} Kxg3 {[%emt 0:00:10]} 58. b8=Q+ {[%emt 0:00:05]} Kxh4 {[%emt 0:00:10]} 59. Qf4+ {[%emt 0:00:11]} Kh3 {[%emt 0:00:20]} 60. Qg5 {[%emt 0:00:04]} h4 {[%emt 0:00:18]} 61. Qxg6 {[%emt 0:00:52]} Kh2 {[%emt 0:00:17]} 62. a4 {[%emt 0:00:10]} h3 {[%emt 0:00:06]} 63. a5 {[%emt 0:00:19]} Kh1 {[%emt 0:00:04]} 64. a6 {[%emt 0:00:04]} h2 {[%emt 0:00:04]} 65. Qe4+ {[%emt 0:00:05]} Kg1 {[%emt 0:00:10]} 66. a7 {[%emt 0:00:04]} h1=Q {[%emt 0:00:15]} 67. Qxh1+ {[%emt 0:00:08]} Kxh1 {[%emt 0:00:04]} 68. a8=Q+ {[%emt 0:00:12]} Kh2 {[%emt 0:00:30]} 69. Qg8 {[%emt 0:00:08]} Kh3 {[%emt 0:00:08]} 70. Kc3 {[%emt 0:00:05]} Kh4 {[%emt 0:00:07]} 71. Kd4 {[%emt 0:00:03]} Kh5 {[%emt 0:00:08]} 72. Ke5 {[%emt 0:00:03]} Kh4 {[%emt 0:00:06]} 73. Kf4 {[%emt 0:00:04]} Kh3 {[%emt 0:00:10]} 74. Qg3# 1-0

[Event "DMP-III LIGA Senior PK 2020"]
[Site "Bystre"]
[Date "2020.07.11"]
[Round "7.30"]
[White "Wolak, Julia"]
[Black "Wladyka, Angelika"]
[Result "1-0"]
[WhiteElo "1516"]
[BlackElo "1601"]
[Annotator "NA RC"]
[PlyCount "75"]
[EventDate "2020.07.05"]
[EventType "team-tourn"]
[EventCountry "POL"]
[SourceTitle "playchess.com"]
[Source "ChessBase"]
[SourceQuality "1"]
[TimeControl "5400+30"]

1. e4 {[%emt 0:00:00]} e6 {[%emt 0:00:00]} 2. d4 {[%emt 0:00:00]} d5 {[%emt 0:00:00]} 3. Nc3 {[%emt 0:00:00]} Nf6 {[%emt 0:00:22]} 4. e5 {[%emt 0:00:22]} Nfd7 {[%emt 0:00:49]} 5. f4 {[%emt 0:01:46]} c5 {[%emt 0:03:35]} 6. Nf3 {[%emt 0:00:20]} Nc6 {[%emt 0:02:00]} 7. Be3 {[%emt 0:00:19]} Be7 {[%emt 0:07:53]} 8. Be2 {[%emt 0:02:08]} a6 {[%emt 0:05:48]} 9. O-O {[%emt 0:01:30]} O-O {[%emt 0:04:11]} 10. Kh1 {[%emt 0:01:14]} cxd4 {[%emt 0:12:09]} 11. Nxd4 {[%emt 0:00:26]} Nxd4 {[%emt 0:01:04]} 12. Bxd4 {[%emt 0:00:21]} g6 {[%emt 0:08:59]} 13. Bg4 {[%emt 0:08:22]} Nc5 {[%emt 0:05:58]} 14. Qe1 {[%emt 0:01:54]} b5 {[%emt 0:05:44]} 15. Qg3 {[%emt 0:01:43]} b4 {[%emt 0:02:00]} 16. Ne2 {[%emt 0:05:07]} Ne4 {[%emt 0:00:58]} 17. Qe3 {[%emt 0:00:26]} Bd7 {[%emt 0:11:05]} 18. Ng3 Nxg3+ {[%emt 0:01:08]} 19. Qxg3 {[%emt 0:09:23]} Bb5 {[%emt 0:03:17]} 20. Rfd1 {[%emt 0:02:23]} Bd7 {[%emt 0:02:13]} 21. Qe3 {[%emt 0:04:14]} Qc7 {[%emt 0:02:17]} 22. Rac1 {[%emt 0:02:17]} Qb7 {[%emt 0:01:11]} 23. Bh3 {[%emt 0:02:26]} Rac8 {[%emt 0:01:31]} 24. g4 {[%emt 0:01:05]} Rfd8 {[%emt 0:06:43]} 25. f5 {[%emt 0:01:47]} Qb5 {[%emt 0:04:00]} 26. fxg6 {[%emt 0:02:26]} fxg6 {[%emt 0:01:15]} 27. Bf1 {[%emt 0:01:38]} Qc6 {[%emt 0:01:01]} 28. Bd3 {[%emt 0:00:17]} Be8 {[%emt 0:01:52]} 29. Rf1 {[%emt 0:02:42]} Bc5 {[%emt 0:02:20]} 30. h4 {[%emt 0:01:42]} Bxd4 {[%emt 0:01:00]} 31. Qxd4 {[%emt 0:01:48]} Rc7 {[%emt 0:01:43]} 32. Kh2 {[%emt 0:05:02]} Rf7 {[%emt 0:00:59]} 33. h5 {[%emt 0:01:04]} Rg7 {[%emt 0:00:50]} 34. Qxb4 {[%emt 0:00:29]} Bd7 {[%emt 0:00:25]} 35. h6 {[%emt 0:01:14]} Rf7 {[%emt 0:00:06]} 36. Rxf7 {[%emt 0:00:13]} Kxf7 {[%emt 0:00:05]} 37. Rf1+ {[%emt 0:00:06]} Kg8 {[%emt 0:00:06]} 38. Qe7 {[%emt 0:00:14]} 1-0

[Event "DMP-III LIGA Senior PK 2020"]
[Site "Bystre"]
[Date "2020.07.12"]
[Round "8.1"]
[White "Stefanski, Robert"]
[Black "Lopuszanski, Kamil"]
[Result "0-1"]
[WhiteElo "1649"]
[BlackElo "1995"]
[Annotator "TA"]
[PlyCount "77"]
[EventDate "2020.07.05"]
[EventType "team-tourn"]
[EventCountry "POL"]
[SourceTitle "playchess.com"]
[Source "ChessBase"]
[SourceQuality "1"]

{[%evp 14,77,28,18,50,39,35,16,33,27,22,30,27,0,0,9,16,20,60,9,38,11,37,10,10,-4,0,0,11,-6,35,16,44,11,22,0,60,60,54,-16,40,-15,0,0,13,10,10,-95,0,0,54,0,0,0,0,-475,0,-1179,-1164,-29988,-29989,-29989,-29989,-29991,-29990,-29990]} 1. e3 Nf6 2. d4 g6 3. Nf3 Bg7 4. c4 O-O 5. Be2 d6 6. O-O Nbd7 7. Nc3 c6 8. b3 Qc7 {E61: King's Indian: Early deviations for White, including Smyslov System.} 9. Bb2 e5 10. dxe5 dxe5 {The position is equal.} 11. Ba3 Re8 12. Bd6 Qd8 {[#]} 13. e4 $146 ({Predecessor:} 13. c5 Qa5 14. Rc1 Nxc5 15. b4 Qxb4 16. Nxe5 Nfe4 17. Nxe4 Qxe4 18. Bf3 Qf5 19. Rxc5 Bxe5 {½-½ (45) Borges,L (2215)-Shaaban,S Santos 1998}) 13... Bf8 14. Bxf8 Rxf8 15. Qd6 Ne8 16. Qd2 ({Better is} 16. Qa3 $14) 16... Qc7 17. Rad1 f6 18. h3 Nc5 19. Ne1 Ne6 20. Nd3 g5 21. Qe3 Bd7 22. Bg4 b6 23. Ne2 N8g7 24. Ng3 Nd4 ({Black should play} 24... c5 $11) 25. Bxd7 $1 $14 Qxd7 26. Rd2 (26. f4 $1 $14) 26... h5 ({Black should try} 26... Rfd8 $11) 27. Rfd1 (27. f4 $14 gxf4 28. Nxf4 $1 {[%mdl 512]} exf4 29. Rxd4) 27... h4 28. Ne2 c5 29. Nc3 Nge6 30. g3 {[#]} (30. Nd5 $11) 30... hxg3 (30... g4 $1 $17 {[%mdl 512] ...Nf3+ is the strong threat.} 31. hxg4 Qg7 32. gxh4 Qxg4+ {[%mdl 64] Double Attack} 33. Qg3 Nf3+ 34. Kg2 Nxh4+ 35. Kf1 Qxg3 36. fxg3 Nf3) 31. fxg3 $11 {[#]} Kg7 (31... g4 $1 $11 {[%mdl 512]} 32. Rb2 (32. hxg4 Ng5 $11) 32... Ng5) 32. Nd5 (32. Nf2 $1 $14) 32... g4 $36 {[%mdl 2048] Black is pushing.} 33. hxg4 {Threatening Rf2.} Ng5 {Hoping for ...Ngf3+.} 34. Nxe5 $2 {[%mdl 8192] [#]} (34. Kg2 $1 $11) 34... Qe6 $2 (34... Nh3+ $1 $19 35. Kg2 fxe5) 35. Nxf6 $2 {[%mdl 8192]} (35. Ng6 $11 Ndf3+ 36. Kg2 Qxg4 37. Nxf8 Qh3+ 38. Kf2 Nxd2 39. Rxd2 Qh2+ 40. Kf1 Qh1+ {[%mdl 64] Double Attack} 41. Ke2 Rxf8 42. Nc3) 35... Qxf6 $19 36. Nd7 Qh6 {Black mates.} 37. Nxf8 Ngf3+ 38. Kf1 Qh3+ 39. Rg2 {Accuracy: White = 53%, Black = 60%.} 0-1

[Event "DMP-III LIGA Senior PK 2020"]
[Site "Bystre"]
[Date "2020.07.12"]
[Round "8.2"]
[White "Mazurkiewicz, Andrzej"]
[Black "Socha, Kamil"]
[Result "0-1"]
[WhiteElo "1608"]
[BlackElo "1817"]
[Annotator "NA RC"]
[PlyCount "86"]
[EventDate "2020.07.05"]
[EventType "team-tourn"]
[EventCountry "POL"]
[SourceTitle "playchess.com"]
[Source "ChessBase"]
[SourceQuality "1"]
[TimeControl "5400+30"]

1. d4 Nf6 {[%emt 0:00:15]} 2. c4 {[%emt 0:08:32]} e6 {[%emt 0:01:07]} 3. Nc3 {[%emt 0:00:23]} Bb4 {[%emt 0:00:25]} 4. Bd2 {[%emt 0:01:57]} O-O {[%emt 0:00:18]} 5. a3 {[%emt 0:01:36]} Bxc3 {[%emt 0:00:04]} 6. Bxc3 {[%emt 0:00:19]} Ne4 {[%emt 0:00:41]} 7. Bb4 {[%emt 0:01:27]} d6 {[%emt 0:00:43]} 8. a4 {[%emt 0:04:32]} Nc6 {[%emt 0:08:13]} 9. Ba3 {[%emt 0:00:07]} a5 {[%emt 0:02:40]} 10. g3 {[%emt 0:01:14]} f5 {[%emt 0:02:03]} 11. f3 {[%emt 0:03:04]} Nf6 {[%emt 0:05:47]} 12. Qd2 {[%emt 0:03:26]} e5 {[%emt 0:03:29]} 13. e3 {[%emt 0:13:19]} exd4 {[%emt 0:02:05]} 14. exd4 {[%emt 0:03:08]} Bd7 {[%emt 0:02:38]} 15. Ne2 {[%emt 0:04:05]} Re8 {[%emt 0:01:30]} 16. O-O-O {[%emt 0:00:53]} Nb4 {[%emt 0:03:14]} 17. Nc3 {[%emt 0:00:43]} c6 {[%emt 0:03:27]} 18. Bg2 {[%emt 0:05:18]} d5 {[%emt 0:02:53]} 19. c5 {[%emt 0:03:30]} b6 {[%emt 0:01:20]} 20. Rhe1 {[%emt 0:00:44]} bxc5 {[%emt 0:00:35]} 21. Rxe8+ {[%emt 0:01:10]} Bxe8 {[%emt 0:00:53]} 22. dxc5 {[%emt 0:01:52]} Rb8 {[%emt 0:03:51]} 23. Qf4 {[%emt 0:05:19]} Rb7 {[%emt 0:08:40]} 24. Qxf5 {[%emt 0:01:46]} Re7 {[%emt 0:01:03]} 25. Kd2 {[%emt 0:10:02]} Bg6 {[%emt 0:06:42]} 26. Qf4 {[%emt 0:02:02]} Nd3 {[%emt 0:15:02]} 27. Qd4 {[%emt 0:00:51]} Qe8 {[%emt 0:00:39]} 28. Bf1 {[%emt 0:06:27]} Ne1 {[%emt 0:04:31]} 29. Rxe1 {[%emt 0:06:16]} Rxe1 {[%emt 0:00:13]} 30. Be2 {[%emt 0:00:06]} Ra1 {[%emt 0:02:48]} 31. Nd1 {[%emt 0:01:09]} Qb8 {[%emt 0:03:05]} 32. Qc3 {[%emt 0:01:54]} Qa7 {[%emt 0:02:03]} 33. h4 {[%emt 0:00:11]} Qc7 {[%emt 0:01:49]} 34. Qe3 {[%emt 0:03:00]} Qxg3 {[%emt 0:01:59]} 35. Qe6+ {[%emt 0:00:10]} Bf7 {[%emt 0:00:28]} 36. Qxc6 {[%emt 0:01:03]} Qf4+ {[%emt 0:00:20]} 37. Ke1 {[%emt 0:00:56]} Qxh4+ {[%emt 0:00:11]} 38. Kd2 {[%emt 0:00:33]} Qd4+ {[%emt 0:00:12]} 39. Ke1 {[%emt 0:00:26]} Rc1 {[%emt 0:01:39]} 40. Qc8+ {[%emt 0:01:40]} Ne8 {[%emt 0:00:18]} 41. c6 {[%emt 0:01:13]} Rc2 {[%emt 0:00:27]} 42. Qg4 {[%emt 0:01:51]} Qd2+ {[%emt 0:00:26]} 43. Kf1 {[%emt 0:01:42]} Qxe2+ {[%emt 0:00:06]} 0-1

[Event "DMP-III LIGA Senior PK 2020"]
[Site "Bystre"]
[Date "2020.07.12"]
[Round "8.3"]
[White "Stefanski, Adam"]
[Black "Chowaniec, Artur"]
[Result "1-0"]
[WhiteElo "1387"]
[BlackElo "1530"]
[Annotator "NA RC"]
[PlyCount "89"]
[EventDate "2020.07.05"]
[EventType "team-tourn"]
[EventCountry "POL"]
[SourceTitle "playchess.com"]
[Source "ChessBase"]
[SourceQuality "1"]
[TimeControl "5400+30"]

1. c4 {[%emt 0:01:15]} c6 {[%emt 0:03:53]} 2. Nc3 {[%emt 0:00:05]} d5 {[%emt 0:00:50]} 3. cxd5 {[%emt 0:00:06]} cxd5 {[%emt 0:01:06]} 4. d4 {[%emt 0:00:24]} Nf6 {[%emt 0:00:23]} 5. Bf4 {[%emt 0:01:11]} a6 {[%emt 0:00:08]} 6. Nf3 {[%emt 0:00:11]} Nc6 {[%emt 0:00:54]} 7. e3 {[%emt 0:00:08]} Qb6 {[%emt 0:00:54]} 8. Rb1 {[%emt 0:06:16]} Bf5 {[%emt 0:00:27]} 9. Bd3 {[%emt 0:00:19]} Bxd3 {[%emt 0:00:42]} 10. Qxd3 {[%emt 0:00:09]} e6 {[%emt 0:00:14]} 11. a3 {[%emt 0:00:56]} Be7 {[%emt 0:04:27]} 12. O-O {[%emt 0:01:46]} O-O {[%emt 0:00:57]} 13. Rfc1 {[%emt 0:04:18]} Nh5 {[%emt 0:00:47]} 14. Bg3 {[%emt 0:02:05]} Nxg3 {[%emt 0:02:37]} 15. hxg3 {[%emt 0:00:51]} Rac8 {[%emt 0:00:33]} 16. Na4 {[%emt 0:05:40]} Qa5 {[%emt 0:06:06]} 17. Nc5 {[%emt 0:02:50]} Bxc5 {[%emt 0:02:32]} 18. Rxc5 {[%emt 0:04:05]} Qd8 {[%emt 0:01:02]} 19. Rbc1 {[%emt 0:02:04]} Ne7 {[%emt 0:05:40]} 20. Ng5 {[%emt 0:05:08]} g6 {[%emt 0:00:46]} 21. f4 {[%emt 0:10:35]} Qd7 {[%emt 0:02:31]} 22. Kf2 {[%emt 0:13:21]} Rxc5 {[%emt 0:00:30]} 23. dxc5 {[%emt 0:03:02]} f6 {[%emt 0:06:30]} 24. Nf3 {[%emt 0:01:21]} Nc6 {[%emt 0:02:02]} 25. Nd4 {[%emt 0:17:44]} Rc8 {[%emt 0:07:21]} 26. b4 {[%emt 0:01:53]} Nxd4 {[%emt 0:05:12]} 27. Qxd4 {[%emt 0:00:52]} Kf7 {[%emt 0:00:51]} 28. Rh1 {[%emt 0:02:31]} Rh8 {[%emt 0:01:01]} 29. g4 {[%emt 0:00:25]} Qa4 {[%emt 0:02:14]} 30. Qc3 {[%emt 0:00:52]} Qd7 {[%emt 0:03:43]} 31. g5 {[%emt 0:03:57]} Qe7 {[%emt 0:01:14]} 32. c6 {[%emt 0:03:59]} bxc6 {[%emt 0:00:57]} 33. gxf6 {[%emt 0:00:16]} Qxf6 {[%emt 0:02:09]} 34. Qxc6 {[%emt 0:00:51]} Qb2+ {[%emt 0:00:21]} 35. Kf3 {[%emt 0:00:23]} Qxa3 {[%emt 0:01:47]} 36. Qc7+ {[%emt 0:02:48]} Kf8 {[%emt 0:00:45]} 37. Qd8+ {[%emt 0:00:14]} Kg7 {[%emt 0:00:13]} 38. Qe7+ {[%emt 0:00:28]} Kg8 {[%emt 0:00:15]} 39. Qxe6+ {[%emt 0:00:37]} Kg7 {[%emt 0:00:10]} 40. Qe5+ {[%emt 0:01:14]} Kg8 {[%emt 0:00:12]} 41. Qxd5+ {[%emt 0:00:08]} Kg7 {[%emt 0:00:10]} 42. Qb7+ {[%emt 0:00:46]} Kg8 {[%emt 0:01:09]} 43. Rd1 {[%emt 0:00:49]} Qa5 {[%emt 0:01:13]} 44. bxa5 {[%emt 0:00:08]} h5 {[%emt 0:00:03]} 45. Rd8# {[%emt 0:00:33]} 1-0